Người kể chuyện ngôi thứ nhất trong truyện ngắn nữ đương đại Việt Nam /
Saved in:
| Main Author: | |
|---|---|
| Format: | Article |
| Language: | Vietnamese |
| Subjects: | |
| Tags: |
Add Tag
No Tags, Be the first to tag this record!
|
| Institutions: | Thư viện Trường Đại học Đà Lạt |
|---|
| LEADER | 00847nam a2200265 4500 | ||
|---|---|---|---|
| 001 | DLU170180539 | ||
| 005 | ##20170822 | ||
| 040 | # | # | |a DLU |b vie |
| 041 | # | # | |a vie |
| 044 | # | # | |a vn |
| 100 | # | # | |a Phạm Thị Thanh Phượng. |
| 245 | # | # | |a Người kể chuyện ngôi thứ nhất trong truyện ngắn nữ đương đại Việt Nam / |c Phạm Thị Thanh Phượng. |
| 653 | # | # | |a Chủ thể tự sự |
| 653 | # | # | |a Người kể truyện |
| 653 | # | # | |a Nhà văn nữ |
| 653 | # | # | |a Truyện ngắn đương đại |
| 773 | # | # | |t Nghiên cứu văn học |g Số 9(511), 2014, tr 87-98 |
| 920 | # | # | |a Phòng Tạp chí --Trung tâm Thông tin - Thư viện Trường Đại học Đà Lạt |
| 900 | # | # | |a True |
| 911 | # | # | |a Lê Thị Hồng |
| 925 | # | # | |a G |
| 926 | # | # | |a A |
| 927 | # | # | |a BB |
| 980 | # | # | |a Thư viện Trường Đại học Đà Lạt |